Catalog

Record Details

Catalog Search



Praktický výzkum  Cover Image Book Book

Praktický výzkum / Lucie Hornová

Hornová, Lucie (Author).

Record details

  • ISBN: 978-80-7460-218-4
  • Physical Description: 193 stran ; 25 cm
  • Edition: Vydání první
  • Publisher: Brno : JAMU, 2023

Content descriptions

General Note:
Obálkový podnázev: kniha pro praktiky, kteří si nikdy nemysleli, že by šlo zkoumat vlastní práci užitečným způsobem
Bibliography, etc. Note:
Obsahuje bibliografii a bibliografické odkazy
Language Note:
Částečně anglický text, anglické resumé
Subject: empirický výzkum
empirical research
Genre: monografie
monographs

Available copies

  • 1 of 1 copy available at Common Catalog SPOK.

Holds

  • 0 current holds with 1 total copy.
Show Only Available Copies
Location Call Number / Copy Notes Barcode Shelving Location Status Due Date
Jabok Library Soc-1.6/H 424480046211 Odborná literatura Available -

LDR 01458nam a2200433 i 4500
00157436
003CZ-PrJAB
00520230926101527.0
007ta
008230831s2023 xr f 000 0 cze
015 . ‡acnb003545644
020 . ‡a978-80-7460-218-4 ‡q(brožováno)
035 . ‡a(CZ PrNK)nkc20233545644
035 . ‡a(OCoLC)1402155070
040 . ‡aBOA001 ‡bcze ‡erda
0410 . ‡acze ‡aeng ‡beng
072 7. ‡a3 ‡xSpolečenské vědy ‡2Konspekt ‡918
080 . ‡a303.025 ‡2MRF
080 . ‡a(048.8) ‡2MRF
1001 . ‡aHornová, Lucie ‡7xx0258727 ‡4aut
24510. ‡aPraktický výzkum / ‡cLucie Hornová
250 . ‡aVydání první
264 1. ‡aBrno : ‡bJAMU, ‡c2023
300 . ‡a193 stran ; ‡c25 cm
336 . ‡atext ‡btxt ‡2rdacontent
337 . ‡abez média ‡bn ‡2rdamedia
338 . ‡asvazek ‡bnc ‡2rdacarrier
500 . ‡aObálkový podnázev: kniha pro praktiky, kteří si nikdy nemysleli, že by šlo zkoumat vlastní práci užitečným způsobem
504 . ‡aObsahuje bibliografii a bibliografické odkazy
546 . ‡aČástečně anglický text, anglické resumé
65007. ‡aempirický výzkum ‡7ph486121 ‡2czenas
65009. ‡aempirical research ‡2eczenas
6530 . ‡apraktický výzkum
6530 . ‡apractitioner research
655 7. ‡amonografie ‡7fd132842 ‡2czenas
655 9. ‡amonographs ‡2eczenas
910 . ‡aABG312
995 . ‡aska
901 . ‡a57436 ‡bAUTOGEN ‡c57436 ‡tbiblio

Additional Resources